000 00714nam a2200217Ia 4500
001 5501
003 GE_BSU
008 181216s||||||||xx |||||||||||||| ||und||
040 _cGE_BSU
080 _a510
100 _aШклярский Д.О.
245 _aИзбранные задачи и теоремы элементарной математики.
245 _bЧ 1. Арифметика и алгебра.
245 _cПод ред. М.А. Наймарка.
260 _aМосква
260 _bГостехиздат
260 _c1950
300 _a296 с. 20 см.
653 _aИзбранные задачи и теоремы элементарной математики.
942 _cBK
999 _c39007
_d39007